Retrouvez les 15 pays les plus peuplés d'Océanie - Statistiques

Statistiques générales
  • Ce quiz a été pris 144 fois
  • Le résultat moyen est 10 sur 15
Statistiques - réponses
Classement Pays Population (en 2017) % Correct
2 Australie 24 450 561
100%
4 Nouvelle-Zélande 4 705 818
94%
5 Fidji 905 502
85%
3 Papouasie-Nouvelle-Guinée 8 251 162
77%
9 Vanuatu 276 244
72%
10 Samoa 196 440
70%
1 Indonésie 263 991 379
70%
14 Micronésie 105 544
70%
13 Tonga 108 020
70%
15 Samoa (États-Unis) 55 641
69%
12 Kiribati 116 398
63%
6 Salomon 611 343
62%
8 Nouvelle-Calédonie (France) 276 255
41%
7 Polynésie française (France) 283 007
30%
11 Guam (États-Unis) 164 229
18%
Aucun quiz correspondant
Distribution des résultats
% des personnes avec chaque résultat
Percentile par nombre de réponses
Votre historique - résultats
Vous n’avez pas pris ce quiz